00655 2200193 4500001002100000005001500021035002000036245006500056100004700121250000600168300005300174856002800227700009000255260003400345082001700379084001700396020002200413600002600435INLIS00000000114587320251224113100 a0010-12250001161 aPertolongan Pertama :bPada Anak Sakit /cdr. Niluh Swasanti0 adr. Niluh Swasanti & Winkanda Satria Putra a- a128 Hlm :b123 hlm, 17x24 cm ;c17x24 cmeKertas aPerpustakaan Keliling 20 aEditor : Aziz Safa; Proofreader : Nur Hidayah; Desain Cover : Antok; Desai isi : Joko aYogyakarta :bKATAHATI,c2020 a616.02 NIL p a616.02 NIL p a978-602-1579-08-4 4aPengetahuan Kesehatan